1222 1949 1234 1490 1743 1191 1965 1902 1497 1599 1603 1040 1661 1560 1236 1396 1367 1883 1161 1940 1529 1364 1119 1763 1679 1686 1868 1169 1490 1726 1757 1184 1466 1726 1440 1532 1797 1463 1162 1531 1588 1123 1944 1984 1021 1160 1831 1902 1412 1925 1293 1822 1352 1004 1511 1355 1753 1554 1771 1130 1247 1570 1635 1375 1099 1899 1756 1482 1006 1623 1022 1616 1456 1472 1707 1019 1892 1031 1060 1573 1706 1552 1192 1569 1521 1716 1169 1319 1502 1853 1392 1162 1461 1810 1601 1682 1854 1768 1268 BCNSPRNW ULIB Ver.6.0+V

เปลี่ยนเป็นภาษาไทย

Change to English
 แสดงรายละเอียดบรรณานุกรม
  กลับหน้าหลัก

Brief Record : Get Marc (ISO 2709) : E-mail record : QR code < ปิดหน้าต่าง
LEADER : 00000nam 2200000uu 4500
001    13399114839
003     ULIB
008    110627s2555||||th 000 0 tha d
090    นว.^b
100 0  คณิตยา
245 00 คนบ้ารัก/^c
250    พิมพ์ครั้งที่ 1
260    กรุงเทพฯ :^b,^c2555-
300    269 หน้า
945    ^p0^l0^i021031
945    ^p350^l0^i021030
995    ทศพร
999 ^a ใช้งานได้ทุกระบบ
รายการนี้ยังไม่มีแท็ก
คุณยังไม่ได้ล็อกอิน คุณสามารถมีกิจกรรมร่วมกับเว็บไซต์ได้ แต่ต้องล็อกอินก่อน ::
  ล็อกอิน

รายการสื่อสารสนเทศ

ลำดับที่ ประเภท เลขเรียก/บาร์โค้ด สถานที่ สถานะ
1. นวนิยาย
นวนิยาย
นว. ฉ.1 
  Barcode: 021031
ห้องสมุดวิทยาเขตสวรรค์ประชารักษ์
►นวนิยาย
บนชั้น
  ขอยืม

รายการใกล้เคียง
    ผู้แต่ง [คณิตยา]

BibComment


ยังไม่เคยถูกคอมเมนท์

คอมเมนท์ทรัพยากรรายการนี้
  คอมเมนท์: คนบ้ารัก


 Copyright 2026. Bcnsprnw @Library